| 000 | 00584nam a2200205 u 4500 | ||
|---|---|---|---|
| 001 | 000062121 | ||
| 005 | 20200120224200.0 | ||
| 008 | 140715n r| 000 0 spa d | ||
| 041 | 0 | _aAspa | |
| 082 | 0 | 4 |
_a927 _bV62 _221 |
| 245 | 1 | 0 | _aVoces. |
| 260 |
_a[s.l] : _bHJCK, _c[s.f]. |
||
| 300 |
_a5v. : _bil.,byn ; _c13 cm. _e5 CD-ROM |
||
| 500 | _aIncluye índice | ||
| 650 | 1 | 7 |
_aBiografías _xArtistas _2LEMB |
| 650 | 2 | 7 |
_aBiografías _xEscritores _2LEMB |
| 650 | 2 | 7 |
_aBiografías _xRecopilación _2LEMB |
| 650 | 2 | 7 |
_aBiografías _xPersonajes _2LEMB |
| 650 | 2 | 7 |
_aBiografías _xPeriodistas _2LEMB |
| 999 |
_c8379 _d8379 |
||